[Event "Prague op"]
[Site "Prague"]
[Date "2019.03.11"]
[Round "4"]
[White "Ziogas, Modestas"]
[Black "Nespor, Ivan"]
[Result "1-0"]
[WhiteElo "2092"]
[BlackElo "1735"]
[PlyCount "35"]
[EventDate "2019.03.09"]
[EventType "swiss"]
[EventRounds "9"]
[EventCountry "CZE"]
[SourceTitle "CBM 189 Extra"]
[Source "ChessBase"]
[SourceDate "2019.06.03"]
[SourceVersion "1"]
[SourceVersionDate "2019.06.03"]
[SourceQuality "1"]

1. d4 Nf6 2. Nc3 g6 3. Bg5 Bg7 4. Qd2 h6 5. Bf4 d6 6. 0-0-0 c6 7. e4 Nbd7 8. e5 Nh5 9. exd6 e6 10. Nf3 Nxf4 11. Qxf4 Qf6 12. Qe3 Nb6 13. Ne4 Qd8 14. Ne5 Nd5 15. d7+ Bxd7 16. Nd6+ Ke7 17. Qa3 Kf6 18. Ndxf7 1-0

[Event "Litomysl op 20th"]
[Site "Litomysl"]
[Date "2018.12.30"]
[Round "7"]
[White "Rokos, Filip"]
[Black "Nespor, Ivan"]
[Result "1-0"]
[WhiteElo "1882"]
[BlackElo "1755"]
[PlyCount "37"]
[EventDate "2018.12.26"]
[EventType "swiss"]
[EventRounds "9"]
[EventCountry "CZE"]
[SourceTitle "CBM 188 Extra"]
[Source "ChessBase"]
[SourceDate "2019.02.26"]
[SourceVersion "1"]
[SourceVersionDate "2019.02.26"]
[SourceQuality "1"]

1. e4 d6 2. d4 Nf6 3. Nc3 Nbd7 4. Nf3 e5 5. Bc4 Be7 6. 0-0 h6 7. h3 0-0 8. a4 c6 9. Ba2 Qc7 10. Re1 Rd8 11. Nh4 Nf8 12. Be3 Nxe4 13. Nxe4 Bxh4 14. Qh5 Ng6 15. Qxg6 d5 16. Qh5 dxe4 17. Qxh4 exd4 18. Bf4 Qb6 19. a5 1-0

[Event "Litomysl op 20th"]
[Site "Litomysl"]
[Date "2018.12.29"]
[Round "6"]
[White "Bartos, Karel"]
[Black "Nespor, Ivan"]
[Result "1/2-1/2"]
[WhiteElo "1856"]
[BlackElo "1755"]
[PlyCount "44"]
[EventDate "2018.12.26"]
[EventType "swiss"]
[EventRounds "9"]
[EventCountry "CZE"]
[SourceTitle "CBM 188 Extra"]
[Source "ChessBase"]
[SourceDate "2019.02.26"]
[SourceVersion "1"]
[SourceVersionDate "2019.02.26"]
[SourceQuality "1"]

1. e4 e5 2. Nf3 Nc6 3. Bb5 a6 4. Ba4 Nf6 5. 0-0 Be7 6. Re1 b5 7. Bb3 0-0 8. c3 d5 9. exd5 Nxd5 10. Nxe5 Nxe5 11. Rxe5 c6 12. d4 Bd6 13. Re1 Qh4 14. g3 Qh3 15. Bxd5 cxd5 16. Qf3 Ra7 17. Be3 Re7 18. Nd2 Rfe8 19. Qg2 Qh5 20. a3 Bh3 21. Qf3 Bg4 22. Qg2 Bh3 1/2-1/2

[Event "Karvina op"]
[Site "Karvina"]
[Date "2017.07.06"]
[Round "6"]
[White "Adamczyk, Zuzanna"]
[Black "Nespor, Ivan"]
[Result "1/2-1/2"]
[WhiteElo "1753"]
[BlackElo "1754"]
[PlyCount "106"]
[EventDate "2017.07.01"]
[EventType "swiss"]
[EventRounds "9"]
[EventCountry "CZE"]
[SourceTitle "EXT 2018"]
[Source "ChessBase"]
[SourceDate "2017.10.13"]
[SourceVersion "1"]
[SourceVersionDate "2017.10.13"]
[SourceQuality "1"]

1. e4 e5 2. Nf3 Nc6 3. d4 exd4 4. Nxd4 Bc5 5. Be3 Qf6 6. c3 Nge7 7. g3 d6 8. Bg2 Bd7 9. 0-0 a6 10. f4 0-0 11. h3 Rae8 12. g4 Ng6 13. g5 Qd8 14. Qh5 f5 15. Nd2 Bxd4 16. cxd4 Nb4 17. Qd1 Bb5 18. Qb3+ d5 19. Qxb4 Bxf1 20. Rxf1 b6 21. e5 Re6 22. Qb3 c6 23. Nf3 Rf7 24. h4 Rb7 25. Kf2 Nf8 26. Qd3 g6 27. Qxa6 Qb8 28. Qd3 Nd7 29. h5 Nf8 30. Nh4 Rf7 31. Rc1 Qa8 32. a3 Kg7 33. b4 Ra7 34. Rc3 b5 35. Bc1 Rf7 36. Bb2 Nd7 37. Rc1 Nb6 38. Rc3 Nc4 39. Bc1 Qa7 40. Bf3 Re8 41. hxg6 hxg6 42. Nxg6 Kxg6 43. Bh5+ Kg7 44. Bxf7 Qxf7 45. Qf1 Qa7 46. Qd1 Rh8 47. Kg2 Kg6 48. Rh3 Rxh3 49. Kxh3 Nxa3 50. Kg3 Nc4 51. Qh1 Qg7 52. Qh3 Qf8 53. Kf3 Qg7 1/2-1/2

[Event "Karvina op"]
[Site "Karvina"]
[Date "2016.07.03"]
[Round "2"]
[White "Tyrlik, Rostislav"]
[Black "Nespor, Ivan"]
[Result "1-0"]
[WhiteElo "1428"]
[BlackElo "1772"]
[PlyCount "113"]
[EventDate "2016.07.02"]
[EventType "swiss"]
[EventRounds "9"]
[EventCountry "CZE"]
[SourceTitle "EXT 2017"]
[Source "ChessBase"]
[SourceDate "2016.10.25"]
[SourceVersion "1"]
[SourceVersionDate "2016.10.25"]
[SourceQuality "1"]

1. Nc3 d5 2. d4 Nf6 3. Nf3 e6 4. a3 c5 5. Bg5 Nc6 6. e3 h6 7. Bh4 Be7 8. Bb5 Bd7 9. Bxf6 Bxf6 10. 0-0 Qe7 11. Re1 0-0 12. Bxc6 Bxc6 13. e4 dxe4 14. Nxe4 cxd4 15. Nxf6+ Qxf6 16. Qxd4 Bxf3 17. Qxf6 gxf6 18. gxf3 Rac8 19. c3 Rfd8 20. Rad1 Kf8 21. Kf1 Ke7 22. Ke2 Rg8 23. Rg1 Rg5 24. Rg4 e5 25. h3 Rh5 26. h4 Rc6 27. Rd5 Ke6 28. Rb5 b6 29. Re4 a6 30. Rbb4 f5 31. Rec4 Rxc4 32. Rxc4 Kd5 33. Rc7 Rxh4 34. Rxf7 f4 35. Rf6 Kc5 36. Rf5 Kc4 37. Rf6 b5 38. Rxa6 Kb3 39. Rb6 Kxb2 40. Rxb5+ Kxc3 41. a4 Rh1 42. Rxe5 h5 43. Re4 h4 44. Rxf4 h3 45. Rh4 h2 46. a5 Ra1 47. Rxh2 Rxa5 48. Rh4 Rd5 49. Ke3 Rd8 50. f4 Kc4 51. f5+ Kc5 52. Re4 Rf8 53. Kf4 Kd6 54. Re6+ Kd5 55. Ra6 Rg8 56. f6 Rg2 57. f3 1-0

[Event "Orlova op-A 12th"]
[Site "Orlova"]
[Date "2015.05.31"]
[Round "9"]
[White "Galuszka, Tomasz"]
[Black "Nespor, Ivan"]
[Result "1-0"]
[WhiteElo "1454"]
[BlackElo "1730"]
[PlyCount "35"]
[EventDate "2015.05.24"]
[EventType "swiss"]
[EventRounds "9"]
[EventCountry "CZE"]
[SourceTitle "CBM 166 Extra"]
[Source "ChessBase"]
[SourceDate "2015.06.18"]
[SourceVersion "1"]
[SourceVersionDate "2015.06.18"]
[SourceQuality "1"]

1. e4 e5 2. Nf3 Nc6 3. Bb5 a6 4. Bxc6 dxc6 5. d3 Bg4 6. h3 h5 7. hxg4 hxg4 8. Rxh8 gxf3 9. Qxf3 Nh6 10. Bxh6 gxh6 11. Nd2 Qd7 12. Qf5 0-0-0 13. Qxd7+ Kxd7 14. Ke2 Ke7 15. Nf3 Kf6 16. Rg8 Be7 17. Rxd8 Bxd8 18. Rh1 1-0

[Event "Orlova op-A 12th"]
[Site "Orlova"]
[Date "2015.05.27"]
[Round "4"]
[White "Nespor, Ivan"]
[Black "Majewska, Marianna"]
[Result "1-0"]
[WhiteElo "1730"]
[BlackElo "1269"]
[PlyCount "74"]
[EventDate "2015.05.24"]
[EventType "swiss"]
[EventRounds "9"]
[EventCountry "CZE"]
[SourceTitle "CBM 166 Extra"]
[Source "ChessBase"]
[SourceDate "2015.06.18"]
[SourceVersion "1"]
[SourceVersionDate "2015.06.18"]
[SourceQuality "1"]

1. e4 e5 2. Nf3 Nc6 3. Bb5 d6 4. d4 exd4 5. Nxd4 Bd7 6. Nc3 Nf6 7. 0-0 Be7 8. Be3 0-0 9. f3 Nxd4 10. Bxd4 Bxb5 11. Nxb5 a6 12. Nc3 c6 13. Qd2 h6 14. Rfd1 Qc7 15. Bxf6 Bxf6 16. Kh1 Rad8 17. Qe3 Rfe8 18. Qf2 b5 19. a3 Bxc3 20. bxc3 d5 21. exd5 cxd5 22. Rd3 Rd6 23. h3 f6 24. a4 bxa4 25. Rxa4 Qf7 26. c4 Red8 27. c5 Rc6 28. c4 Kh7 29. Qd4 Re8 30. cxd5 Re1+ 31. Kh2 Qc7+ 32. d6 Qd7 33. Rb4 Re8 34. Re3 Rec8 35. Re7 Qd8 36. Qg4 Qf8 37. Rbb7 f5 1-0

[Event "Orlova op-A 12th"]
[Site "Orlova"]
[Date "2015.05.25"]
[Round "2"]
[White "Didi, Jan"]
[Black "Nespor, Ivan"]
[Result "1-0"]
[WhiteElo "2074"]
[BlackElo "1730"]
[PlyCount "85"]
[EventDate "2015.05.24"]
[EventType "swiss"]
[EventRounds "9"]
[EventCountry "CZE"]
[SourceTitle "CBM 166 Extra"]
[Source "ChessBase"]
[SourceDate "2015.06.18"]
[SourceVersion "1"]
[SourceVersionDate "2015.06.18"]
[SourceQuality "1"]

1. e4 e5 2. Nf3 Nc6 3. Nc3 Nf6 4. g3 Bc5 5. Bg2 d6 6. d3 0-0 7. 0-0 Bg4 8. h3 Bd7 9. Bg5 h6 10. Bh4 Be6 11. Qd2 Kh7 12. g4 Nd4 13. Nxd4 Bxd4 14. Ne2 g5 15. Nxd4 exd4 16. Bg3 Nd7 17. c3 dxc3 18. bxc3 f6 19. d4 Bc4 20. Rfe1 Bf7 21. Rad1 Qe7 22. e5 fxe5 23. Bxb7 Rab8 24. Bc6 Rbd8 25. Bxd7 Rxd7 26. dxe5 d5 27. Qe3 Be6 28. Qxa7 c5 29. Qa6 Ra7 30. Qe2 Ra3 31. Rxd5 Bxd5 32. Qd3+ Kg7 33. Qxd5 Rd8 34. Qc4 Rd2 35. e6 Raxa2 36. Qe4 Kf8 37. Qg6 Ra7 38. Re5 Qg7 39. Rf5+ Kg8 40. Qe8+ Kh7 41. Rf7 Rxf7 42. exf7 Re2 43. Qxe2 1-0

[Event "Tatry op"]
[Site "Tatranske Zruby"]
[Date "2013.10.01"]
[Round "3"]
[White "Dvorakova, Olga"]
[Black "Nespor, Ivan"]
[Result "0-1"]
[WhiteElo "1250"]
[BlackElo "1754"]
[PlyCount "120"]
[EventDate "2013.09.29"]
[EventType "swiss"]
[EventRounds "9"]
[EventCountry "SVK"]
[SourceTitle "EXT 2023"]
[Source "ChessBase"]
[SourceDate "2022.10.05"]
[SourceVersion "1"]
[SourceVersionDate "2022.10.05"]
[SourceQuality "1"]

1. e4 e5 2. Nf3 Nc6 3. Bb5 a6 4. Ba4 Nf6 5. d3 b5 6. Bb3 Be7 7. Be3 0-0 8. 0-0 d6 9. c3 Na5 10. Bc2 c5 11. d4 Qc7 12. b3 Bg4 13. d5 g6 14. a4 Bd7 15. Re1 bxa4 16. bxa4 Rfb8 17. Nbd2 Rb2 18. Rb1 Rab8 19. Bd3 c4 20. Be2 Rxb1 21. Nxb1 Nxe4 22. Qc2 Nc5 23. Bxc5 Qxc5 24. Rd1 Bd8 25. Qe4 Bf5 26. Qe3 Qxe3 27. fxe3 Bxb1 28. Nd2 Bc2 29. Ra1 Nb3 30. Ra2 Bf5 31. Bxc4 Nxd2 32. Rxd2 Rb1+ 33. Kf2 a5 34. Ba2 Rc1 35. c4 Rc2 36. Rxc2 Bxc2 37. Ke2 Bxa4 38. e4 Bb6 39. h4 Bc2 40. Kf3 f5 41. exf5 gxf5 42. Ke2 f4 43. Kd2 Be4 44. Bb3 Bxg2 45. Bc2 Be3+ 46. Ke2 Kg7 47. Bd1 h6 48. Kd3 e4+ 49. Kc3 f3 50. Kb3 Bf1 51. Bxf3 exf3 52. Ka4 Bd2 53. Kb5 f2 54. Kc6 Bb4 55. Kb5 Bd3 56. h5 f1Q 57. Kb6 Bxc4 58. Kc7 Qf7+ 59. Kc8 Bxd5 60. Kd8 Bc6 0-1

[Event "Orlova op 10th"]
[Site "Orlova"]
[Date "2013.05.19"]
[Round "7"]
[White "Nespor, Ivan"]
[Black "Kubos, Rostislav"]
[Result "0-1"]
[WhiteElo "1739"]
[BlackElo "2209"]
[PlyCount "72"]
[EventDate "2013.05.13"]
[EventType "swiss"]
[EventRounds "9"]
[EventCountry "CZE"]
[SourceTitle "CBM 154 Extra"]
[Source "ChessBase"]
[SourceDate "2013.06.25"]
[SourceVersion "2"]
[SourceVersionDate "2013.06.25"]
[SourceQuality "1"]

1. e4 c5 2. Nf3 Nc6 3. d4 cxd4 4. Nxd4 e6 5. Nc3 Qc7 6. Be2 a6 7. 0-0 b5 8. a3 Bb7 9. Be3 Rc8 10. Ndxb5 axb5 11. Nxb5 Qb8 12. c4 Nf6 13. f3 Be7 14. b4 0-0 15. Rc1 d6 16. Qd2 Rfd8 17. Nd4 Nxd4 18. Qxd4 Qa8 19. Qa7 Qxa7 20. Bxa7 Ra8 21. Bb6 Rdc8 22. Ba5 Nd7 23. Rfd1 Bc6 24. g3 Ba4 25. Rd2 Bc6 26. Kf2 g5 27. h3 Bf8 28. Bd3 Nc5 29. Rb1 Nb7 30. Bb6 Rxa3 31. e5 dxe5 32. c5 Bd5 33. Be4 Bxe4 34. fxe4 Nxc5 35. bxc5 Bxc5+ 36. Bxc5 Rxc5 0-1

[Event "Tatry op"]
[Site "Tatranske Zruby"]
[Date "2012.09.24"]
[Round "2"]
[White "Nespor, Ivan"]
[Black "Jambrich, Miroslav"]
[Result "0-1"]
[WhiteElo "1779"]
[BlackElo "1921"]
[PlyCount "96"]
[EventDate "2012.09.23"]
[EventType "swiss"]
[EventRounds "9"]
[EventCountry "SVK"]
[SourceTitle "EXT 2023"]
[Source "ChessBase"]
[SourceDate "2022.10.05"]
[SourceVersion "1"]
[SourceVersionDate "2022.10.05"]
[SourceQuality "1"]

1. e4 e5 2. Nf3 Nc6 3. Bb5 Bc5 4. c3 Qf6 5. 0-0 a6 6. Ba4 b5 7. Bb3 h6 8. d3 Nge7 9. Be3 d6 10. h3 g5 11. d4 exd4 12. cxd4 Bb6 13. e5 dxe5 14. dxe5 Nxe5 15. Bxb6 Nxf3+ 16. Qxf3 Qxf3 17. gxf3 cxb6 18. Kg2 0-0 19. Nc3 Bb7 20. Ne4 Rad8 21. Rfd1 Nf5 22. Rac1 Rxd1 23. Rxd1 Kg7 24. Rd7 Bc6 25. Rc7 Ba8 26. Rd7 a5 27. a3 Bc6 28. Rc7 Nd4 29. Ba2 Kg6 30. Bb1 f5 31. Nd2 a4 32. Kg3 Rf6 33. Bd3 Rd6 34. h4 gxh4+ 35. Kf4 Ne6+ 36. Ke5 Rxd3 37. Rxc6 Rxd2 38. Rxe6+ Kg5 39. f4+ Kg4 40. Rg6+ Kh5 41. Rg2 Rxb2 42. Kxf5 b4 43. axb4 a3 44. Rg1 a2 45. Ra1 h3 46. f3 Kh4 47. Kg6 h2 48. f5 Rb1 0-1

[Event "Ostrava Konik op-C"]
[Site "Ostrava"]
[Date "2012.04.29"]
[Round "2"]
[White "Nespor, Ivan"]
[Black "Kostal, Otakar"]
[Result "0-1"]
[WhiteElo "1811"]
[BlackElo "2021"]
[PlyCount "116"]
[EventDate "2012.04.28"]
[EventType "swiss"]
[EventRounds "9"]
[EventCountry "CZE"]
[SourceTitle "CBM 148 Extra"]
[Source "ChessBase"]
[SourceDate "2012.06.22"]
[SourceVersion "1"]
[SourceVersionDate "2012.06.22"]
[SourceQuality "1"]

1. e4 d5 2. exd5 Qxd5 3. Nc3 Qa5 4. d4 c6 5. Nf3 Bg4 6. Bc4 e6 7. Bd2 Qb6 8. Bb3 Nf6 9. h3 Bxf3 10. Qxf3 Bd6 11. 0-0-0 0-0 12. Bg5 Nbd7 13. Ne4 Be7 14. Bxf6 Nxf6 15. g4 Rfd8 16. c3 c5 17. dxc5 Qc7 18. Bc2 Nd5 19. Kb1 Bxc5 20. g5 Be7 21. Rhg1 Qf4 22. Qh5 g6 23. Qh6 Bf8 24. Rg4 Bxh6 25. Rxf4 Nxf4 26. gxh6 Rxd1+ 27. Bxd1 Kf8 28. h4 Ke7 29. Kc2 f6 30. Bf3 Rd8 31. b4 b5 32. Nc5 Nd5 33. Kb3 f5 34. c4 bxc4+ 35. Kxc4 Nb6+ 36. Kc3 e5 37. Bc6 Rd6 38. b5 Rd4 39. Nd3 Kd6 40. f4 Rc4+ 41. Kb3 exf4 42. Bf3 Rd4 43. Kc3 Rc4+ 44. Kb3 Ke7 45. Nb4 Rc7 46. Bc6 Kd6 47. a4 Re7 48. a5 Re3+ 49. Kc2 Nc8 50. Nd5 Re2+ 51. Kd3 f3 52. Nf4 Ra2 53. Ke3 f2 54. Bg2 Rxa5 55. Nxg6 Rxb5 56. Nf8 f1Q 57. Bxf1 Rb7 58. Bc4 a5 0-1

[Event "Ostrava op"]
[Site "Ostrava"]
[Date "2010.05.05"]
[Round "5"]
[White "Nespor, Ivan"]
[Black "Briza, Jiri"]
[Result "0-1"]
[WhiteElo "1795"]
[BlackElo "1905"]
[PlyCount "118"]
[EventDate "2010.05.01"]
[EventType "swiss"]
[EventRounds "9"]
[EventCountry "CZE"]
[SourceTitle "EXT 2011"]
[Source "ChessBase"]
[SourceDate "2010.11.26"]
[SourceVersion "1"]
[SourceVersionDate "2010.11.26"]
[SourceQuality "1"]

1. e4 e6 2. d4 d5 3. Nc3 dxe4 4. Nxe4 Nf6 5. Bg5 Be7 6. Bxf6 Bxf6 7. Nxf6+ Qxf6 8. Nf3 b6 9. Bb5+ c6 10. Bd3 Bb7 11. Be4 Nd7 12. 0-0 0-0-0 13. c3 Qf4 14. Re1 g5 15. Qc1 Qxc1 16. Raxc1 h6 17. b4 g4 18. Nh4 Rhg8 19. g3 Rg5 20. f4 gxf3 21. Nxf3 Rg7 22. Kf2 Kc7 23. a4 Rf8 24. b5 Nb8 25. Ne5 f5 26. Bxc6 Bxc6 27. bxc6 Rf6 28. Rcd1 Nxc6 29. Nxc6 Kxc6 30. c4 f4 31. Kg2 h5 32. Rd3 Kd6 33. Rf3 h4 34. Re4 hxg3 35. hxg3 Rxg3+ 36. Rxg3 fxg3 37. Kxg3 Rf1 38. Re5 Ra1 39. Re4 Rc1 40. c5+ bxc5 41. dxc5+ Rxc5 42. Rb4 Ke5 43. Kg4 a5 44. Rf4 Rc3 45. Rf1 Rc4+ 46. Kg3 Rxa4 47. Re1+ Re4 48. Ra1 a4 49. Kf3 Rb4 50. Re1+ Kf5 51. Ra1 Rb3+ 52. Ke2 a3 53. Kd2 e5 54. Kc2 Rf3 55. Re1 e4 56. Kb1 Kf4 57. Ka2 e3 58. Kxa3 e2+ 59. Kb2 Ke3 0-1